| 000 | 01024nam a22003137a 4500 | ||
|---|---|---|---|
| 003 | CHAP | ||
| 005 | 20220329140459.0 | ||
| 008 | 971013s1977 r 00010 d | ||
| 010 | _a52589 | ||
| 011 | _a53561 | ||
| 035 | _a57711 | ||
| 040 | _cCHAP | ||
| 082 |
_a636.089 _bA58 |
||
| 100 | 0 | 0 |
_aWoodbine, Malcolm. _9122540 |
| 245 | _aAntibiotics and antibiosis in agriculture with special reference to synergism | ||
| 260 |
_aLondon : _bBut erworths, _c1977 |
||
| 300 |
_a386 p. _b: ilus. ; gráf. |
||
| 590 |
_aBATCH-UPD _b10 _c20130110 _lUCH01 _h0554 |
||
| 590 |
_aBATCH-UPD _b10 _c20130410 _lUCH01 _h0236 |
||
| 590 |
_aBATCH-UPD _b10 _c20130914 _lUCH01 _h0139 |
||
| 590 |
_aCONVERSION _b10 _c20130109 _lUCH01 _h1328 |
||
| 650 | 1 | 4 |
_aAlimentos _xPreservación. _94266 |
| 650 | 1 | 4 |
_aAntibióticos en veterinaria. _96053 |
| 650 | 1 | 4 |
_aAntibioticos _xEfecto en plantas. _96047 |
| 650 | 1 | 4 |
_aSinergismo. _9106580 |
| 901 | _aBK | ||
| 942 | _cLIBRO | ||
| 949 |
_a636.089 A58 _bBC _cLIBRO _d33724000946968 _eLIBRO _h30492 _i57711 _si _t1.49 |
||
| 999 |
_c52589 _d52589 |
||